Ecuaciones diferenciales con aplicaciones de modelado

Saved in:
Bibliografiske detaljer
Hovedforfatter: Zill, Dennis G (Author)
Format: Bog
Sprog:spansk
Udgivet: Cuernavaca Cengage Learning 2014
Udgivelse:10a. ed
Fag:
Tags: Tilføj Tag
Ingen Tags, Vær først til at tagge denne postø!

MARC

LEADER 00000cam a2200000 a 4500
001 UCD0712
003 CL-VaPUC
008 151210e20140000mx |||||||||||||||||spa|d
020 |a 9786075194462 
082 0 4 |a 515.35  |b ZIL  |2 21 
100 0 |a Zill, Dennis G  |e author  |9 583711 
245 1 0 |a Ecuaciones diferenciales con aplicaciones de modelado 
250 |a 10a. ed 
300 |a 375 p 
942 |c BK 
945 |d 20151210 22:58:00  |a dcastane 
260 |a Cuernavaca  |b Cengage Learning  |c 2014 
650 0 |a Ecuaciones diferenciales  |9 260083 
650 0 |a Ecuaciones lineales   |9 342219 
650 0 |a Transformada de Laplace  |9 422308 
650 0 |a Modelos matemáticos   |9 259437 
583 |a last modification  |c 20151210 22:58:00  |k Rodrigo Vera 
999 |c 362174  |d 362172 
952 |0 0  |1 0  |3 erb  |4 0  |6 515_350000000000000_ZIL_2014  |7 0  |8 A  |9 473126  |a BIBMAT  |b BIBMAT  |i 5256771  |l 7  |m 1  |o 515.35 ZIL 2014  |p 5256771  |r 2025-03-28  |s 2025-03-11  |w 2019-11-24  |y BK  |z Catalogado en:20151210  |k MAT